| 000 -LEADER |
| fixed length control field |
00733nam a2200217 a 4500 |
| 003 - CONTROL NUMBER IDENTIFIER |
| control field |
OSt |
| 005 - DATE AND TIME OF LATEST TRANSACTION |
| control field |
20241204143705.0 |
| 008 - FIXED-LENGTH DATA ELEMENTS--GENERAL INFORMATION |
| fixed length control field |
061101s2005 enka j b 001 0 eng d |
| 020 ## - INTERNATIONAL STANDARD BOOK NUMBER |
| International Standard Book Number |
9781405055192 |
| 040 ## - CATALOGING SOURCE |
| Original cataloging agency |
StDuBDS |
| Language of cataloging |
eng |
| Modifying agency |
CaOL |
| Transcribing agency |
KH8 |
| 082 ## - DEWEY DECIMAL CLASSIFICATION NUMBER |
| Classification number |
331.3109 ROB |
| 100 1# - MAIN ENTRY--PERSONAL NAME |
| Personal name |
Robinson, Tony, |
| Dates associated with a name |
1946- |
| Relator term |
aut. |
| 245 14 - TITLE STATEMENT |
| Title |
The worst children's jobs in history / |
| Statement of responsibility, etc. |
Tony Robinson ; illustrated by Mike Phillips. |
| 260 ## - PUBLICATION, DISTRIBUTION, ETC. |
| Place of publication, distribution, etc. |
London : |
| Name of publisher, distributor, etc. |
Macmillan Children's Books, |
| Date of publication, distribution, etc. |
2005. |
| 300 ## - PHYSICAL DESCRIPTION |
| Extent |
104 p. : |
| Other physical details |
ill (some col.) ; |
| Dimensions |
26 cm. |
| 504 ## - BIBLIOGRAPHY, ETC. NOTE |
| Bibliography, etc. note |
Includes bibliographical references and index. |
| 650 #0 - SUBJECT ADDED ENTRY--TOPICAL TERM |
| Topical term or geographic name entry element |
Child labor |
| General subdivision |
History. |
| 650 #0 - SUBJECT ADDED ENTRY--TOPICAL TERM |
| Topical term or geographic name entry element |
Children |
| General subdivision |
Employment |
| -- |
History. |
| 700 1# - ADDED ENTRY--PERSONAL NAME |
| Personal name |
Phillips, Mike, |
| Dates associated with a name |
1961- |
| Relator term |
Ill. |
| 942 ## - ADDED ENTRY ELEMENTS (KOHA) |
| Source of classification or shelving scheme |
|
| Koha item type |
Books - Non Ficton |